| 000 | 00601nam a2200193Ia 4500 | ||
|---|---|---|---|
| 003 | GCL | ||
| 008 | 140319s9999 xx 000 0 eng d | ||
| 040 |
_aGCL / _cGCL |
||
| 082 | 0 | 4 |
_a624.1 _bB C |
| 100 | 1 | _aCONDRA, LIOYD W. | |
| 245 | 1 | 0 |
_aCEMM3 HANDBOOK: A GUIDE TO THE FINANCIAL CONTROL OF CONTRACTS USING THE CIVIL ENGINEERING STANDARD METHOD OF MEASURMENT, 2nd ed. / _cCONDRA, LIOYD W. |
| 260 |
_a[S.N] : _bTHORNTON COX ، _c1992 |
||
| 300 | _a235 P | ||
| 650 | 0 | 4 | _aMEASUREMENT |
| 650 | 0 | 4 | _aCIVIL ENGINEERING |
| 650 | 0 | 4 | _aتقوية الذاكرة |
| 650 | 0 | 4 | _aCESMMY |
| 942 |
_2ddc _cBK |
||
| 999 |
_c22418 _d22418 |
||